000 00594nam a2200241 a 4500
001 0001-1087
003 ELIB.Books
008 150115 2010 eng
020 _a100806637925
035 _a(ELIB.Books)0001-1242
092 _a248.4
_bJun
100 _aJung, L. Shannon.
245 _aSharing Food
260 _aMinneapolis:
_bFortress Press
_c2006
300 _a197
_c23 Cm
500 _aC/o Moe Lwai
650 _aChristian Life
856 _nKBTS; Library
_uKBTS; Elib.
942 _2ddc
_cBK
990 _a1
998 _cbat
_e2015-01-15
999 _c11087
_d11087